000
00294nam a22001337a 4500
020
_a
0-15-551202-1
082
_a
339.5 SHA'M
100
_a
SHAPIRO, EDWARD
_9
76191
245
_a
MACRO ECONOMIC ANALYSIS
250
_a
2ND
260
_a
NEWYORK
_b
HARCOURT
_c
1970
300
_a
591P
942
_c
BK
999
_c
581597
_d
581597